000 00469nam a2200181Ia 4500
001 23427
005 20260414150936.0
008 260414t2008||||xx |||||||||||||| ||spa||
041 _aESP
082 _a650.01513
_bA42M 2007
100 _aAliaga Valdez, Carlos
_eAUT
245 0 _aMatemática financiera :
_btasas, inflación y tipo de cambio
260 _c2008
300 _a368 páginas :
_c20 cm.
650 _aGEN
654 _aCCO
942 _cLIB
_dJUS
_fJUS
_2ddc
_n
999 _c23427
_d23427